Actually Badly Drawn Flags - Statistics

General Stats
  • This quiz has been taken 722 times
  • The average score is 12 of 16
Answer Stats
Picture Answer % Correct
North Korea
95%
Albania
93%
Brazil
90%
Malta
84%
Mexico
82%
Norway
82%
South Africa
82%
Singapore
80%
Angola
79%
Kyrgyzstan
74%
St Lucia
71%
Uzbekistan
68%
Namibia
67%
Vanuatu
66%
Cape Verde
64%
St Vincent and the Grenadines
55%
No matching quizzes found
Score Distribution
Percent of People with Each Score
Percentile by Number Answered
Your Score History
You have not taken this quiz